|
|
|
|
| LEADER |
00000cam a22000004a 4500 |
| 001 |
musev2_85478 |
| 003 |
MdBmJHUP |
| 005 |
20230905052800.0 |
| 006 |
m o d |
| 007 |
cr||||||||nn|n |
| 008 |
041013s2004 nyu o 00 0 eng d |
| 020 |
|
|
|a 9781580466288
|
| 020 |
|
|
|z 9781580461528
|
| 035 |
|
|
|a (OCoLC)256676655
|
| 040 |
|
|
|a MdBmJHUP
|c MdBmJHUP
|
| 100 |
1 |
|
|a Kennedy, Rick.
|
| 245 |
1 |
2 |
|a A History of Reasonableness :
|b Testimony and Authority in the Art of Thinking /
|c Rick Kennedy.
|
| 250 |
|
|
|a 1. publ.
|
| 264 |
|
1 |
|a Rochester, N.Y. :
|b University of Rochester Press,
|c 2004.
|
| 264 |
|
3 |
|a Baltimore, Md. :
|b Project MUSE,
|c 2021
|
| 264 |
|
4 |
|c ©2004.
|
| 300 |
|
|
|a 1 online resource (288 pages):
|b Illustrationen.
|
| 336 |
|
|
|a text
|b txt
|2 rdacontent
|
| 337 |
|
|
|a computer
|b c
|2 rdamedia
|
| 338 |
|
|
|a online resource
|b cr
|2 rdacarrier
|
| 490 |
0 |
|
|a Rochester studies in philosophy ;
|v 7
|
| 588 |
|
|
|a Description based on print version record.
|
| 650 |
|
7 |
|a Geschichte
|2 gnd
|
| 650 |
|
7 |
|a Kritisches Denken
|2 gnd
|
| 650 |
|
7 |
|a Philosophie
|2 gnd
|
| 650 |
|
7 |
|a Philosophie.
|2 idszbz
|
| 650 |
|
7 |
|a Kritisches Denken.
|2 idszbz
|
| 650 |
|
7 |
|a Reason.
|2 fast
|0 (OCoLC)fst01091272
|
| 650 |
0 |
4 |
|a Philosophy
|x History.
|
| 650 |
0 |
4 |
|a Critical thinking.
|
| 650 |
0 |
4 |
|a Reasoning.
|
| 650 |
|
0 |
|a Reason.
|
| 655 |
|
7 |
|a Electronic books.
|2 local
|
| 773 |
1 |
8 |
|w (DE-MnBSB)6478988
|
| 710 |
2 |
|
|a Project Muse.
|e distributor
|
| 830 |
|
0 |
|a Book collections on Project MUSE.
|
| 856 |
4 |
0 |
|z Texto completo
|u https://projectmuse.uam.elogim.com/book/85478/
|
| 945 |
|
|
|a Project MUSE - Custom Collection
|